|
|
|
|
| LEADER |
00000naa0a2200000 4500 |
| 001 |
594861 |
| 005 |
20250217111526.0 |
| 035 |
|
|
|a (RuTPU)RU\TPU\tpu\11925
|
| 090 |
|
|
|a 594861
|
| 100 |
|
|
|a 20040319d1979 k y0rusy50 ca
|
| 101 |
0 |
|
|a rus
|
| 102 |
|
|
|a RU
|
| 200 |
1 |
|
|a О коэффициенте поперечной деформации
|f Г. А. Дощинский, Н. В. Ситникова
|
| 320 |
|
|
|a Библиогр.: 5 назв.
|
| 463 |
|
|
|t Исследование по механике деформирующих сред
|v С. 45-48
|d 1979
|
| 610 |
1 |
|
|a поперечная деформация
|
| 610 |
1 |
|
|a коэффициенты
|
| 610 |
1 |
|
|a труды учёных ТПУ
|
| 700 |
|
1 |
|a Дощинский
|b Г. А.
|
| 701 |
|
1 |
|a Ситникова
|b Н. В.
|
| 801 |
|
1 |
|a RU
|b 63413507
|c 20040319
|g PSBO
|
| 801 |
|
2 |
|a RU
|b 63413507
|c 20100409
|g RCR
|
| 942 |
|
|
|c BK
|